Pre-1492 Settlements in the Americas - Map Quiz - Statistics

General Stats
  • This quiz has been taken 63 times
  • The average score is 7 of 31
Answers on the Map
Answers color-coded by a green-red scale on the quiz's map according to % correct below.
 
Answer Stats
Answer % Correct
Chichen Itza
80%
Machu Picchu
80%
Teotihuacan
74%
Tikal
70%
Tiwanaku
59%
Cahokia
39%
Guayabo de Turrialba
37%
L'Anse aux Meadows
37%
Chan Chan
35%
Moundville
26%
Casa Grande Ruins National Monument
20%
Cliff Palace
20%
La Venta
20%
Brattahlíð
15%
Draper Site
11%
Monte Albán
11%
Chavín de Huántar
9%
Ciudad Perdida
9%
SG̱ang Gwaay Llanagaay (Ninstints)
9%
Adamagan
7%
Guachimontones
7%
Sipán
7%
X̱á:ytem
7%
Bacatá
4%
Iximche
4%
Tumebamba
4%
Aspero
2%
Castillo de Teayo
2%
Tazumal
2%
Kuhikugu
0%
Monte Carmelo
0%
No matching quizzes found
Score Distribution
Percent of People with Each Score
Percentile by Number Answered
Your Score History
You have not taken this quiz